000 01118cam a22003257a 4500
003 CHAP
005 20220329140640.0
008 971013s1961 r 00010 d
010 _a55324
011 _a56296
035 _a60449
040 _cCHAP
082 _a583.17
_bS38
100 0 0 _aSaunders, J. H.
_9102752
245 1 4 _aThe wild species of gossypium and their evolutionary history
260 _aLondon :
_bOxford University Press,
_c1961
300 _a62 p.
_b: ilus.
590 _aBATCH-UPD
_b10
_c20130110
_lUCH01
_h0448
590 _aBATCH-UPD
_b10
_c20130110
_lUCH01
_h2130
590 _aBATCH-UPD
_b10
_c20130410
_lUCH01
_h0124
590 _aCONVERSION
_b10
_c20130109
_lUCH01
_h1330
650 1 4 _aAlgodon
_xVariedades.
_94068
650 1 4 _aGossypium.
_950073
700 0 _aEmpire Cotton Growing Corp.
_936543
901 _aBK
942 _cLIBRO
949 _a583.17 S38
_bBC
_cLIBRO
_d33724000454716
_eLIBRO
_h9785
_i60449
_si
_t33.75
949 _a583.17 S38
_bBC
_cLIBRO
_d33724000454724
_eLIBRO
_fc.3
_h9787
_i60449
_si
_t33.75
949 _a583.17 S38
_bBC
_cLIBRO
_d33724000454732
_eLIBRO
_fc.2
_h9786
_i60449
_si
_t33.75
999 _c55324
_d55324